| 000 | 00618nam a2200229Ia 4500 | ||
|---|---|---|---|
| 003 | OSt | ||
| 005 | 20220924115549.0 | ||
| 006 | a|||||r|||| 00| 0 | ||
| 007 | ta | ||
| 008 | 220923b |||||||| |||| 00| 0 urd d | ||
| 024 | _a313749 | ||
| 037 | _cTextual | ||
| 040 |
_aARTS _cARTS _burd |
||
| 041 |
_2urd _aurd |
||
| 082 | _aO168,1MBA,11, F4 | ||
| 100 |
_aBasheeruddin Ahmad _9178769 |
||
| 245 | 0 | _aDeewan-e-Basheer | |
| 260 |
_aDelhi _bDelhi Printing India _c1924 |
||
| 650 | _aURDU POETRY | ||
| 942 |
_hO168,1MBA,11, F4 _cTEXL _2CC |
||
| 999 |
_c398908 _d398908 |
||